000 00503cam a2200169 4500500
005 20260329004435.0
041 _afre
042 _adc
245 0 0 _aHomme, Femme, Philosophie
260 _c2019.
500 _a2
690 _aAlain Badiou
690 _aBarbara Cassin
690 _aHomme/Femme
786 0 _nPhilosophie magazine | 134 | 11 | 2019-11-01 | p. 57-57 | 1951-1787
856 4 1 _uhttps://shs.cairn.info/magazine-philosophie-magazine-2019-11-page-57?lang=fr&redirect-ssocas=7080
999 _c1833849
_d1833849